000 00275nam a22001337a 4500
008 180207b xxu||||| |||| 00| 0 eng d
020 _a9780026354349
041 _aeng
080 _a82
100 _a82
101 _aGJU
245 _aLITERATURE
_cRAHN.A
942 _2udc
_cBK
999 _c42039
_d42039